Hottest Countries on Each Continent - Statistics

General Stats
  • This quiz has been taken 101 times
  • The average score is 26 of 37
Answer Stats
Continent Temp. Answer % Correct
South America 24.95 °C Brazil
92%
South America 24.50 °C Colombia
90%
South America 26.00 °C Guyana
87%
Europe 13.45 °C Italy
87%
South America 25.70 °C Suriname
86%
South America 25.35 °C Venezuela
86%
Europe 15.40 °C Greece
85%
Europe 13.30 °C Spain
83%
Europe 19.20 °C Malta
81%
Europe 15.15 °C Portugal
80%
South America 23.55 °C Paraguay
77%
North America 26.00 °C Barbados
75%
Oceania 28.20 °C Kiribati
73%
Africa 28.25 °C Mali
73%
Oceania 27.40 °C Marshall Islands
73%
Oceania 27.60 °C Palau
73%
North America 25.50 °C Saint Lucia
73%
North America 26.80 °C Saint Vincent and the Grenadines
73%
Oceania 26.70 °C Samoa
73%
North America 25.85 °C Antigua and Barbuda
71%
North America 25.75 °C Trinidad and Tobago
71%
Oceania 27.65 °C Tuvalu
68%
Oceania 25.85 °C Federated States of Micronesia
65%
North America 26.00 °C Grenada
65%
Africa 27.65 °C Mauritania
65%
Asia 26.80 °C Bahrain
64%
Asia 28.00 °C Maldives
64%
Europe 16.40 °C Monaco
63%
Asia 27.15 °C Qatar
63%
Asia 26.95 °C Sri Lanka
63%
Asia 27.15 °C Kuwait
60%
Asia 26.85 °C Brunei
56%
Africa 27.85 °C Senegal
54%
Africa 28.29 °C Burkina Faso
52%
Africa 27.55 °C Benin
46%
Asia 26.80 °C Cambodia
43%
Africa 28.00 °C Djibouti
37%
No matching quizzes found
Score Distribution
Percent of People with Each Score
Percentile by Number Answered
Your Score History
You have not taken this quiz